[Event "WSCC 50 Open 2017"]
[Site "?"]
[Date "2017.11.18"]
[Round "11"]
[White "Biro, Sandor"]
[Black "Astengo, Marcello"]
[Result "1-0"]
[WhiteElo "2168"]
[BlackElo "1997"]
[PlyCount "62"]
[EventDate "2017.??.??"]
[EventType "swiss"]
[EventCountry "ITA"]
[SourceTitle "Acqui Terme"]
[TimeControl "40/5400+30:1800+30"]
[WhiteClock "0:01:59"]
[BlackClock "0:30:27"]

1. e4 {[%emt 0:00:00]} e6 {[%emt 0:01:23]} 2. d4 {[%emt 0:00:08]} d5 {[%emt 0:00:08]} 3. e5 {[%emt 0:00:04]} c5 {[%emt 0:00:09]} 4. c3 {[%emt 0:00:05]} Nc6 {[%emt 0:00:40]} 5. Nf3 {[%emt 0:00:10]} Qb6 {[%emt 0:01:38]} 6. a3 {[%emt 0:00:21]} Bd7 {[%emt 0:03:46]} 7. b4 {[%emt 0:00:51]} c4 {[%emt 0:03:57]} 8. a4 {[%emt 0:12:08]} f6 {[%emt 0:13:56]} 9. Be2 {[%emt 0:07:24]} fxe5 {[%emt 0:02:56]} 10. dxe5 {[%emt 0:00:25]} Qc7 {[%emt 0:05:38]} 11. O-O {[%emt 0:02:02]} Nxe5 {[%emt 0:10:23]} 12. Nxe5 {[%emt 0:01:33]} Qxe5 {[%emt 0:00:03]} 13. Re1 {[%emt 0:00:20]} Qf6 {[%emt 0:01:03]} 14. Bh5+ {[%emt 0:11:56]} Kd8 {[%emt 0:25:31]} 15. Nd2 {[%emt 0:12:00]} Qxc3 {[%emt 0:14:02]} 16. Rb1 {[%emt 0:05:25]} Nf6 {[%emt 0:03:48]} 17. Bb2 {[%emt 0:26:52]} Qd3 {[%emt 0:00:06]} 18. Re3 {[%emt 0:06:25]} Qf5 {[%emt 0:00:06]} 19. Re5 {[%emt 0:01:22]} Qd3 {[%emt 0:02:04]} 20. Re3 {[%emt 0:02:34]} Qf5 {[%emt 0:00:07]} 21. g4 {[%emt 0:00:45]} Qf4 {[%emt 0:04:28]} 22. Rf3 {[%emt 0:03:40]} Qh6 {[%emt 0:01:24]} 23. Nf1 {[%emt 0:02:45]} Nxh5 {[%emt 0:00:49]} 24. gxh5 {[%emt 0:00:10]} Bd6 {[%emt 0:02:52]} 25. Bc1 {[%emt 0:00:37]} g5 {[%emt 0:00:03]} 26. h4 {[%emt 0:00:30]} Kc7 {[%emt 0:00:32]} 27. Ng3 {[%emt 0:01:06]} Rhg8 {[%emt 0:01:07]} 28. Qd4 {[%emt 0:00:56]} Raf8 {[%emt 0:00:31]} 29. hxg5 {[%emt 0:00:20]} Rxg5 {[%emt 0:00:23]} 30. Rxf8 {[%emt 0:00:21]} Bxf8 {[%emt 0:01:20]} 31. Qf4+ {[%emt 0:00:16]} Bd6 {[%emt 0:00:00]} 1-0

[Event "WSCC 50 Open 2017"]
[Site "?"]
[Date "2017.11.18"]
[Round "11"]
[White "Cetinkaya, Vedat Ali"]
[Black "Grant, Jonathan I M"]
[Result "0-1"]
[WhiteElo "1968"]
[BlackElo "2179"]
[PlyCount "44"]
[EventDate "2017.??.??"]
[EventType "swiss"]
[EventCountry "ITA"]
[SourceTitle "Acqui Terme"]
[TimeControl "40/5400+30:1800+30"]
[WhiteClock "0:12:37"]
[BlackClock "0:21:37"]

1. d4 {[%emt 0:00:00]} Nf6 {[%emt 0:00:05]} 2. Nf3 {[%emt 0:00:01]} e6 {[%emt 0:00:26]} 3. g3 {[%emt 0:00:18]} b5 {[%emt 0:00:25]} 4. Bg2 {[%emt 0:01:09]} d5 {[%emt 0:00:24]} 5. O-O {[%emt 0:00:35]} Nbd7 {[%emt 0:01:23]} 6. b3 {[%emt 0:03:21]} Be7 {[%emt 0:03:06]} 7. c4 {[%emt 0:05:54]} bxc4 {[%emt 0:02:54]} 8. bxc4 {[%emt 0:01:11]} c6 {[%emt 0:00:41]} 9. Qc2 {[%emt 0:06:01]} O-O {[%emt 0:00:44]} 10. Bf4 {[%emt 0:01:44]} Ba6 {[%emt 0:04:01]} 11. Nbd2 {[%emt 0:01:27]} c5 {[%emt 0:07:47]} 12. dxc5 {[%emt 0:07:07]} Nxc5 {[%emt 0:02:02]} 13. Rfe1 {[%emt 0:13:41]} Rc8 {[%emt 0:03:06]} 14. Rac1 {[%emt 0:05:35]} Nce4 {[%emt 0:30:57]} 15. Qa4 {[%emt 0:04:05]} Nc5 {[%emt 0:03:53]} 16. Qc2 {[%emt 0:03:14]} h6 {[%emt 0:00:08]} 17. h4 {[%emt 0:01:49]} Qa5 {[%emt 0:02:55]} 18. Qb1 {[%emt 0:03:36]} Nce4 {[%emt 0:01:41]} 19. Qb3 {[%emt 0:16:43]} Bb4 {[%emt 0:08:29]} 20. Qe3 {[%emt 0:08:46]} Ng4 {[%emt 0:03:09]} 21. Nb3 {[%emt 0:01:58]} Nxe3 {[%emt 0:01:27]} 22. Nxa5 {[%emt 0:00:08]} Nxg2 {[%emt 0:00:10]} 0-1